World Economic Outlook, April 2006 : Globalization and Inflation.

The World Economic Outlook is the product of a unique international exercise in information gathering and analysis performed by IMF staff to guide key initiatives and to serve IMF member countries. Published at least twice a year in English, French, Spanish, and Arabic, the World Economic Outlook of...

Descripció completa

Dades bibliogràfiques
Autor corporatiu: International Monetary Fund. Research Dept
Format: Revista
Idioma:English
Publicat: Washington, D.C. : International Monetary Fund, 2007.
Col·lecció:World Economic Outlook; World Economic Outlook ; No. 2006/001
Accés en línia:Full text available on IMF
LEADER 02056cas a2200253 a 4500
001 AALejournalIMF015114
008 230101c9999 xx r poo 0 0eng d
020 |c 50.00 USD 
020 |z 9781589066120 
022 |a 1020-508X 
040 |a BD-DhAAL  |c BD-DhAAL 
110 2 |a International Monetary Fund.  |b Research Dept. 
240 1 0 |a World Economic Outlook, April 2006: Globalization and Inflation.  |l Arabic 
245 1 0 |a World Economic Outlook, April 2006 :   |b Globalization and Inflation. 
264 1 |a Washington, D.C. :  |b International Monetary Fund,  |c 2007. 
300 |a 1 online resource (282 pages) 
490 1 |a World Economic Outlook 
500 |a <strong>Off-Campus Access:</strong> No User ID or Password Required 
500 |a <strong>On-Campus Access:</strong> No User ID or Password Required 
506 |a Electronic access restricted to authorized BRAC University faculty, staff and students 
520 3 |a The World Economic Outlook is the product of a unique international exercise in information gathering and analysis performed by IMF staff to guide key initiatives and to serve IMF member countries. Published at least twice a year in English, French, Spanish, and Arabic, the World Economic Outlook offers a comprehensive picture of the international economic situation and prospects for the future. With its analyses backed by the expertise and resources of over 1,100 IMF economists, the World Economic Outlook is the authoritative reference in its field. Today, even small economic fluctuations can trigger major financial swings. It's vital to have the latest perspective on what's happening and where it could lead in the coming months and years. The World Economic Outlook brings you that perspective, giving you analyses, forecasts, and figures you'll use all year long. 
538 |a Mode of access: Internet 
830 0 |a World Economic Outlook; World Economic Outlook ;  |v No. 2006/001 
856 4 0 |z Full text available on IMF  |u http://elibrary.imf.org/view/books/081/07993-9781589066120-ar/07993-9781589066120-ar-book.xml  |z IMF e-Library